000 00288nam a22001337a 4500
008 230912b ||||| |||| 00| 0 eng d
041 _aeng
080 _a521
082 _a521MUN
100 _a19
101 _aASTRO
245 _aTHE ROTATION OF THE EARTH
_cMUNK.H.W
942 _2udc
_cBK
999 _c60345
_d60345